000 01935cam a22005414i 4500
003 PE-LiUPU
005 20250731165636.0
008 150616s r 000 0 d
035 _a(Sirsi) a6693
035 _a(Sirsi) a6693
040 _aPE-LiUPU
_bspa
_cPE-LiUPU
_erda
049 _aPRUA
082 0 4 _a221.07 107
_b
_221
100 1 _aHouten, Christiana van,
_eautor.
245 1 4 _aThe Alien in Israelite Law.
_n107.
264 1 _aSheffield :
_bSheffield Academic Press, Ltd.,
_c1991.
300 _a200 páginas ;
_c21 cm.
336 _atext
_2rdacontent
337 _aunmediated
_2rdamedia
338 _avolume
_2rdacarrier
490 0 _aJournal for the Study of the O.Testament Suplem. Series ;
_v107
505 0 _aThe Alien in Biblical research -- The ancient context -- The pre-Deuteronomic laws -- the Deuteronomic laws -- The priestly laws.
526 _aSEG44
526 _aSEG26
526 _aP151
526 _aP150
526 _aP149
526 _aP146
526 _aP145
526 _aP126
526 _aP125
526 _aP92
526 _aP75
526 _aP74
526 _aP27
526 _aP15
650 1 4 _aExtranjeros (ley judía).
650 2 4 _aGentiles en el Antiguo Testamento.
650 2 4 _aBiblia
_pA.T.
_xCrítica, interpretación, etc.
650 2 4 _aLey judía.
910 _ajck
_bjvq
_cjck
942 _2ddc
_cBOOK
949 _aRC 221.07107
_wDEWEY
_c1
_i40070
_lRC
_mBUL
_r0
_sY
_tBOOK
_u2015-6-16
_xTEOLOGIA
_zUNKNOWN
_0COMPRA
_o.CIRCNOTE. No olvidar cambiar la fecha de devolución!!!!!!!
_o.STAFF. Colección General
994 _aC0
_bPEPRU
596 _a1
999 _aRC 221.07 107
_wDEWEY
_c57853
_i40070
_f2021-11-8
_g6
_lCCODEBUL1
_mBUL
_r1
_sY
_tBOOK
_u2015-6-16
_xTEOLOGIA
_zUNKNOWN
_0COMPRA
_o.CIRCNOTE. No olvidar cambiar la fecha de devolución!!!!!!!
_o.STAFF. Colección General
_d57853
980 _81
_gALBERTO SANCHEZ Responsable de Automatización